| 000 | 00754nam a22002297a 4500 | ||
|---|---|---|---|
| 005 | 20250724140412.0 | ||
| 008 | 250722b |||||||| |||| 00| 0 eng d | ||
| 020 | _a9789392116728 | ||
| 040 | _cAL | ||
| 041 | _akan | ||
| 082 |
_a305.895487K _bUMAT |
||
| 100 |
_aDa Na Umanna _9219929 |
||
| 100 |
_dದಾ ನ ಉಮಾಣ್ಣ _9219622 |
||
| 245 |
_aTuluvina arader birader _b: ತುಳುವಿನ ಅರದೆರ್ ಬಿರದೆರ್ |
||
| 260 |
_aMangaluru _bAakrithi Ashaya Publications _c2024 |
||
| 300 |
_a139p. _bPB _c21x14cm. |
||
| 365 |
_2Kannada _a668 _b₹180.00 _c₹ _d₹200.00 _e10% _f10-07-2025 |
||
| 650 |
_aTulu Culture and Language _9219623 |
||
| 650 |
_aUmanatha _9219624 |
||
| 650 |
_aMunitanaya _9219634 |
||
| 942 |
_2ddc _cBK |
||
| 999 |
_c234642 _d234642 |
||